000 00727nam a2200205Ii 4500
003 JO-AjNU
008 230605s9999||||xx |||||||||||||| ||und||
040 _aJO-AjNU
_bara
_erda
_cJO-AjNU
041 _aara
050 1 4 _aTP370.M67 1987
100 3 _aمصطفى، مصطفى كمال/ م مشارك محمد صالح عبدالبارئ؛ سعيد محمد الغنام ,
_eauthor
_920952
245 0 0 _aالصناعات الغذائية واقتصادياتها
250 _aط2
264 3 1 _aالقاهرة:مكتبة النهضة المصرية، 1987
300 _a115ص
336 _atext
_btxt
_2rdacontent
337 _aunmediated
_bn
_2rdamedia
338 _avolume
_bnc
_2rdacarrier
650 4 _aالغذاء
_920953
999 _aA7197
_c10765
_d10765